000 00588nam a2200217 i 4500
001 bg
100 1 _aDOBROGOWSKI, Andrzej
245 1 0 _aSygnał czasu /
_cAndrzej Dobrogowski.
260 _aPoznań :
_bWydaw. Politechniki Poznańskiej,
_c2003.
300 _a164 s. :
_bil. ;
_c24 cm.
500 _aStreszcz. ang.
504 _aBibliogr.
650 9 _aCzas
_xpomiary
_xmetody
020 _a8371435347
040 _cBPK
041 0 _apol
_beng
080 _a006.92:006.95:681.11:530.12:531.2
920 _a83-7143-534-7
942 _cKS
008 s pl f |000 0 pol
999 _c43627
_d43627
856 _uhttp://koha.tu.koszalin.pl/cgi-bin/koha/opac-detail.pl?biblionumber=43627
_yKatalog online BPK